正しい「よつや」の漢字表記はどれ? - Statistics

General Stats
  • This quiz has been taken 202 times
  • The average score is 7 of 20
Answer Stats
Hint Answer % Correct
「よつや」駅(JR中央線) 四ツ谷
80%
「よつや」三丁目駅(地下鉄丸ノ内線) 四谷
58%
「よつや」駅(地下鉄南北線) 四ツ谷
51%
JR東日本「よつや」変電所 四ツ谷
48%
「よつや」口(駅出口) 四ツ谷
37%
『東海道「よつや」怪談』 四谷
37%
日高屋「よつや」店 四ツ谷
37%
「よつや」駅前交差点 四谷
36%
新宿区立「よつや」小学校 四谷
36%
上智大学「よつや」キャンパス 四谷
36%
ゴールドジム「よつや」東京 四ツ谷
34%
「よつや」駅前ビル 四谷
31%
ファミリーマート「よつや」大通り店 四谷
31%
江戸城「よつや」御門(跡) 四谷
30%
ファミリーマート「よつや」駅前店 四ッ谷
29%
吉野家「よつや」駅前店 四ッ谷
29%
ケンタッキーフライドチキン「よつや」駅前店 四谷
27%
『「よつや」内藤新宿』歌川広重 四ツ谷
26%
「よつや」駅前バス停(都営バス) 四谷
24%
アトレ「よつや」 四谷
24%
No matching quizzes found
Score Distribution
Percent of People with Each Score
Percentile by Number Answered
Your Score History
You have not taken this quiz